000
00273nam a22001217a 4500
008
171030b xxu||||| |||| 00| 0 eng d
041
_a
eng
080
_a
338.5
100
_a
57
101
_a
QMI
245
_a
THE APPLIED THEORY OF PRICE
_c
DONALD.N.M
942
_2
udc
_c
BK
999
_c
36459
_d
36459